Serbian players in European Big Five (2000-) - Statistics

General Stats
  • This quiz has been taken 28 times
  • The average score is 49 of 219
Answer Stats
Ranking Player Positions Nationality Matches Goals (assists) Periods Clubs % Correct
7 Branislav Ivanović DF 274 22 (20) 2008-2016, 2020-2021
96%
2 Nemanja Matić MF 343 8 (26) 2009-2010, 2013-2025
96%
1 Aleksandar Kolarov DF 357 34 (38) 2007-2022
92%
167 Igor Matić MF, FW 10 0 (0) 2004-2005
92%
217 Mihailo Ivanović FW 1 0 (0) 2022-2023
92%
17 Nemanja Vidić DF 234 16 (3) 2005-2015
92%
10 Sergej Milinković-Savić MF 267 57 (45) 2015-2023
92%
39 Vanja Milinković-Savić GK 146 0 (0) 2017-2018, 2020-2025
92%
5 Filip Kostić DF, FW 315 38 (70) 2014-2024
88%
8 Neven Subotić DF 274 19 (3) 2006-2007, 2008-2020
88%
22 Dušan Vlahović FW 202 87 (16) 2018-2025
85%
33 Luka Jović MF, FW 177 46 (15) 2017-2025
85%
205 Vanja Vlahović MF, FW 3 0 (0) 2024-2025
81%
45 Aleksandar Mitrović FW 129 38 (11) 2015-2016, 2017-2018, 2020-2021, 2022-2024
77%
29 Stefan Mitrović DF 184 4 (2) 2013-2014, 2018-2024
77%
170 Stefan Mitrović MF, FW 10 0 (0) 2023-2024
77%
150 Dalibor Mitrović FW 14 2 (1) 2003-2004
73%
36 Nemanja Gudelj DF, MF 162 5 (3) 2019-2025
73%
11 Matija Nastasić DF 253 7 (0) 2011-2025
69%
4 Dejan Stanković MF 323 44 (50) 2000-2013
65%
12 Nikola Milenković DF 253 19 (4) 2017-2025
65%
144 Filip Stankovic GK 16 0 (0) 2024-2025
62%
90 Jovan Stanković MF 49 0 (10) 2000-2001, 2002-2004
62%
171 Vujadin Savić DF 10 1 (0) 2010-2011, 2013-2014
62%
85 Đorđe Petrović GK 54 0 (0) 2023-2025
58%
136 Radosav Petrović DF, MF 19 0 (0) 2011-2012
58%
138 Andrej Ilic FW 18 7 (0) 2023-2025
54%
134 Dejan Ilić MF 21 0 (1) 2004-2005
54%
41 Ivan Ilić MF 136 9 (8) 2020-2025
54%
79 Marko Grujić MF 59 9 (2) 2016-2020
54%
40 Mijat Gaćinović DF, MF, FW 143 3 (7) 2015-2022
54%
125 Njegoš Petrović MF, FW 25 0 (1) 2021-2022, 2023-2024
54%
155 Saša Ilić MF 13 1 (1) 2003-2004
54%
18 Saša Lukić MF 233 14 (8) 2016-2025
54%
25 Miloš Veljković DF 197 5 (5) 2013-2014, 2015-2020, 2022-2025
50%
112 Strahinja Pavlović DF 32 2 (1) 2020-2021, 2024-2025
50%
16 Zdravko Kuzmanović MF 236 20 (12) 2006-2018
50%
19 Adem Ljajić MF, FW 225 48 (40) 2009-2019
46%
42 Dušan Tadić MF, FW 134 21 (28) 2014-2018
46%
31 Luka Milivojević MF 183 28 (6) 2016-2023
46%
20 Nemanja Maksimović MF 222 9 (2) 2017-2024
46%
37 Nikola Maksimović DF 153 2 (4) 2013-2021, 2024-2025
46%
110 Lazar Marković MF, FW 32 4 (1) 2014-2015, 2016-2017, 2018-2019
42%
43 Lazar Samardzic MF, FW 134 15 (10) 2019-2025
42%
53 Nemanja Radonjić DF, MF, FW 112 13 (6) 2018-2024
42%
34 Predrag Rajković GK 174 0 (0) 2019-2024
42%
77 Slobodan Rajković DF 61 3 (1) 2011-2017
42%
168 Milan Jovanović MF, FW 10 0 (0) 2010-2011
38%
157 Aleksandar Jovanović GK 12 0 (0) 2018-2019
35%
26 Marko Dmitrović GK 196 1 (0) 2017-2025
35%
51 Marko Pantelić FW 114 45 (18) 2005-2009
35%
84 Mile Svilar GK 56 0 (0) 2022-2025
35%
69 Miloš Jojić MF 79 12 (9) 2013-2018
35%
80 Miloš Krasić MF 58 10 (8) 2010-2011, 2013-2014
35%
24 Savo Milošević FW 200 62 (20) 2000-2007
35%
91 Vukašin Jovanović DF 49 0 (1) 2016-2020
35%
174 Danko Lazović FW 9 0 (1) 2005-2006
31%
6 Darko Lazović DF, MF, FW 295 21 (41) 2015-2025
31%
74 Duško Tošić DF 63 1 (4) 2005-2009, 2011-2012
31%
190 Jovan Milošević MF, FW 5 0 (0) 2023-2024
31%
63 Mateja Kežman FW 90 17 (4) 2004-2005, 2008-2011
31%
59 Nikola Žigić FW 104 34 (10) 2006-2011
31%
61 Siniša Mihajlović DF 94 11 (17) 2000-2006
31%
148 Zoran Tošić MF, FW 15 5 (3) 2008-2010
31%
38 Antonio Rukavina DF 150 2 (3) 2007-2008, 2012-2018
27%
27 Darko Kovačević FW 191 56 (17) 2000-2007
27%
30 Filip Đuričić MF, FW 183 17 (13) 2014-2015, 2016-2023
27%
14 Mladen Krstajić DF 243 16 (9) 2000-2009
27%
123 Predrag Mijatović MF, FW 26 2 (1) 2000-2002
27%
15 Danijel Ljuboja FW 241 55 (14) 2000-2001, 2002-2011
23%
194 Jan-Carlo Simic DF 4 1 (0) 2023-2024
23%
215 Marko Lazetić MF, FW 1 0 (0) 2022-2023
23%
9 Milan Biševac DF 272 7 (4) 2006-2018
23%
55 Nenad Kovačević MF 107 0 (0) 2006-2007, 2009-2011
23%
13 Nenad Tomović DF 249 3 (6) 2009-2020
23%
57 Nikola Lazetić MF 106 2 (9) 2002-2003, 2005-2008
23%
82 Slobodan Medojević MF 57 1 (1) 2012-2015, 2017-2018
23%
68 Uroš Račić MF 81 2 (2) 2020-2021, 2023-2024
23%
49 Aleksandar Ignjovski DF, MF 117 1 (6) 2011-2017
19%
166 Aleksandar Radovanović DF 10 0 (0) 2020-2021, 2023-2024
19%
193 Dejan Joveljić FW 4 0 (0) 2019-2020
19%
23 Dušan Basta DF, MF 200 10 (13) 2008-2009, 2011-2018
19%
46 Filip Đorđević FW 127 24 (9) 2008-2009, 2013-2016, 2018-2019
19%
35 Gojko Kačar DF, MF 171 18 (6) 2007-2012, 2014-2018
19%
3 Ivan Radovanović DF, MF 337 4 (5) 2009-2023
19%
58 Ivica Dragutinović DF 105 5 (0) 2005-2011
19%
76 Nenad Milijaš MF 62 4 (7) 2009-2012
19%
137 Vladimir Stojković GK 19 0 (0) 2006-2007, 2008-2010
19%
103 Aleksa Terzić DF 38 1 (2) 2019-2020, 2021-2023
15%
173 Bratislav Živković MF 9 0 (0) 2003-2004
15%
21 Darko Brašanac MF, FW 211 8 (8) 2016-2025
15%
121 Dušan Petković DF, MF 26 3 (1) 2001-2003
15%
60 Erhan Mašović DF, MF 94 5 (1) 2021-2025
15%
89 Goran Bunjevčević DF 51 0 (2) 2001-2005
15%
147 Kosta Nedeljković DF 15 0 (0) 2024-2025
15%
133 Kristijan Đorđević MF 22 0 (1) 2000-2002
15%
71 Miroslav Stević MF 68 8 (8) 2000-2001, 2003-2004
15%
175 Nikola Petković DF 9 0 (0) 2008-2011
15%
102 Slaviša Jokanović MF 39 0 (1) 2000-2002
15%
109 Srđan Babić DF 35 3 (0) 2022-2024
15%
56 Aleksandar Luković DF 106 0 (5) 2006-2010
12%
78 Aleksandar Pantić DF 60 0 (1) 2013-2017
12%
140 Alen Stevanović MF, FW 16 2 (1) 2009-2010, 2012-2013
12%
149 Boris Radunović GK 14 0 (0) 2015-2016, 2019-2020, 2021-2022, 2023-2024
12%
47 Dejan Stefanović DF 125 3 (0) 2003-2008
12%
132 Denis Petrić GK 22 0 (0) 2015-2016, 2019-2020, 2023-2024
12%
158 Dragan Mladenović MF 12 0 (0) 2004-2005
12%
143 Filip Mladenović DF, MF 16 0 (2) 2015-2017
12%
188 Ivan Stevanović DF 6 0 (0) 2009-2010
12%
216 Marko Mladenović MF 1 0 (0) 2023-2024
12%
207 Milos Lukovic MF, FW 2 0 (0) 2024-2025
12%
111 Miloš Ninković MF 32 1 (3) 2012-2013, 2014-2015
12%
95 Miloš Pantović MF, FW 43 6 (3) 2015-2016, 2021-2024
12%
81 Miroslav Đukić DF 58 0 (0) 2000-2003
12%
32 Nemanja Radoja DF, MF 181 2 (4) 2014-2017, 2019-2022
12%
139 Nikola Ninković MF, FW 18 2 (1) 2015-2017
12%
195 Ognjen Koroman MF 4 1 (0) 2005-2007
12%
54 Pavle Ninkov DF 109 1 (4) 2011-2017
12%
203 Predrag Stevanović MF 3 0 (0) 2010-2011
12%
100 Vladimir Jugović MF 40 1 (2) 2000-2002
12%
129 Aleksandar Katai DF, MF, FW 23 3 (3) 2016-2018
8%
97 Aleksandar Sedlar DF, MF 42 1 (0) 2019-2020, 2021-2022, 2023-2025
8%
28 Boško Janković MF 189 29 (11) 2006-2016
8%
73 Dejan Lekić FW 63 6 (1) 2010-2011, 2014-2015
8%
106 Đorđe Tomić MF 36 6 (3) 2000-2001
8%
213 Filip Krstić DF 1 0 (0) 2007-2008
8%
92 Ivan Obradović DF 47 0 (0) 2009-2013
8%
162 Ivan Šaponjić DF, FW 11 1 (0) 2019-2021
8%
94 Ivan Tomić MF 43 3 (4) 2000-2003
8%
151 Ljubiša Ranković MF 13 0 (0) 2004-2005
8%
152 Ljubomir Fejsa MF 13 0 (0) 2019-2020
8%
130 Marko Ivezić DF 23 0 (0) 2024-2025
8%
52 Mihailo Ristić DF, MF 113 2 (8) 2018-2021, 2023-2025
8%
120 Milan Martinović DF 27 0 (0) 2000-2001, 2003-2004
8%
179 Milan Obradović DF 8 0 (0) 2003-2004
8%
86 Milan Smiljanić MF 54 0 (0) 2007-2010
8%
131 Milorad Popović DF 23 0 (1) 2002-2003
8%
154 Miloš Marić MF 13 0 (1) 2009-2010
8%
50 Nemanja Pejčinović DF 116 6 (4) 2009-2014
8%
44 Nenad Džodić DF, MF 132 6 (4) 2001-2005, 2009-2011
8%
202 Nenad Novaković GK 3 0 (0) 2007-2008
8%
145 Nikola Maraš DF 16 0 (0) 2021-2022
8%
101 Slađan Đukić MF, FW 39 12 (3) 2000-2002
8%
184 Stefan Džodić DF, MF 7 0 (0) 2024-2025
8%
197 Vladimir Ivić MF 4 1 (0) 2004-2005
8%
65 Željko Brkić GK 86 0 (0) 2011-2016
8%
176 Zvonimir Vukić MF 9 1 (2) 2005-2006
8%
198 Albert Nađ MF 3 0 (0) 2000-2001
4%
72 Aleksandar Pešić FW 63 8 (7) 2014-2017
4%
135 Bojan Neziri DF 20 0 (0) 2005-2006
4%
185 Dejan Dražić MF 6 0 (0) 2015-2016
4%
141 Dejan Milovanović MF 16 0 (1) 2009-2010
4%
212 Dimitrije Kamenović DF 1 0 (0) 2021-2022
4%
186 Đorđe Rakić FW 6 0 (0) 2008-2009
4%
118 Filip Malbašić MF, FW 28 0 (1) 2020-2021
4%
199 Igor Miladinović MF, FW 3 0 (0) 2024-2025
4%
66 Ivica Iliev MF, FW 85 4 (8) 2004-2006, 2008-2009
4%
99 Komnen Andrić FW 41 4 (3) 2022-2024
4%
159 Ljubiša Dunđerski MF 12 0 (1) 2000-2001
4%
153 Marko Milovanović MF, FW 13 1 (0) 2022-2024
4%
201 Marko Perović MF 3 0 (0) 2003-2004
4%
160 Milan Stepanov DF 12 0 (0) 2009-2010
4%
67 Milivoje Vitakić DF, MF 85 0 (0) 2004-2006, 2008-2010
4%
70 Miloš Dimitrijević MF 72 1 (9) 2004-2006, 2008-2009, 2010-2011
4%
64 Nebojša Krupniković MF 88 11 (18) 2002-2006
4%
117 Nemanja Vučićević MF, FW 29 1 (4) 2008-2009
4%
62 Nenad Krstičić MF 93 4 (3) 2012-2017
4%
113 Nikola Đurđić MF, FW 31 6 (2) 2012-2013, 2014-2015
4%
182 Nikola Gulan DF, MF 7 0 (0) 2010-2012
4%
48 Niša Saveljić DF 123 7 (1) 2000-2005
4%
208 Perica Ognjenović FW 2 0 (0) 2001-2002
4%
209 Petar Mićin MF 2 0 (0) 2018-2019, 2020-2021
4%
87 Petar Škuletić MF, FW 52 3 (1) 2018-2021
4%
183 Rade Todorović MF 7 0 (0) 2002-2003
4%
114 Slobodan Komljenović DF 31 1 (0) 2000-2002
4%
196 Srđan Baljak FW 4 0 (0) 2009-2010
4%
204 Stanko Svitlica FW 3 1 (0) 2003-2004
4%
128 Stefan Babović MF 24 0 (0) 2008-2009, 2012-2013
4%
180 Stefan Lekovic DF 8 0 (0) 2023-2025
4%
108 Stefan Šćepović FW 36 6 (1) 2009-2010, 2015-2016
4%
126 Veljko Birmančević MF, FW 25 0 (0) 2022-2023
4%
104 Vlada Avramov GK 37 0 (0) 2007-2008, 2009-2015
4%
156 Vladan Kujović GK 13 0 (0) 2007-2008
4%
165 Zoran Rendulić DF 11 0 (0) 2008-2010
4%
210 Aleksandar Prijović FW 1 0 (0) 2007-2008
0%
105 Branko Jelić FW 36 6 (1) 2007-2009
0%
189 Branko Lazarević DF 5 0 (0) 2010-2011
0%
211 Damir Stojak FW 1 0 (0) 2000-2001
0%
192 Danijel Aleksić MF, FW 4 0 (0) 2009-2010, 2011-2013
0%
177 Darko Pivaljević FW 8 1 (0) 2000-2002
0%
88 Dragan Ćirić MF 51 4 (4) 2000-2004
0%
142 Dražen Bolić DF 16 0 (0) 2003-2004
0%
127 Dušan Vasiljević MF 24 0 (0) 2007-2009
0%
98 Dušan Veškovac DF 41 0 (0) 2013-2017
0%
214 Filip Kusić DF, MF 1 0 (0) 2017-2018
0%
122 Goran Čaušić MF 26 1 (2) 2016-2017
0%
115 Goran Đorović DF 30 2 (0) 2000-2003
0%
200 Igor Taševski DF 3 0 (0) 2000-2001
0%
187 Ivan Gvozdenović DF, MF 6 0 (0) 2004-2005
0%
206 Ivan Vukomanović MF 2 0 (0) 2000-2001
0%
146 Jagoš Vuković DF 15 1 (1) 2017-2018
0%
178 Milan Belić FW 8 0 (1) 2002-2003
0%
119 Milan Gajić DF, MF 28 1 (1) 2015-2019
0%
191 Milan Milanović DF 5 0 (0) 2011-2012
0%
124 Miloš Vulić MF 25 1 (1) 2020-2021
0%
93 Milovan Sikimić DF 44 2 (1) 2002-2004
0%
169 Nenad Grozdić MF 10 0 (0) 2000-2001
0%
161 Nenad Mirosavljević FW 12 3 (1) 2005-2006
0%
107 Predrag Ocokoljić DF 36 0 (1) 2003-2005
0%
116 Rade Bogdanović FW 30 3 (1) 2000-2001, 2002-2003
0%
218 Rajko Brežančić DF 1 0 (0) 2018-2019
0%
163 Sava Cestic DF 11 0 (0) 2020-2021
0%
219 Strahinja Tanasijević DF, MF 1 0 (0) 2018-2019
0%
96 Uroš Ćosić DF 43 0 (0) 2012-2013, 2015-2017
0%
75 Uroš Spajić DF 63 0 (1) 2013-2016
0%
181 Vlado Šmit DF 8 0 (0) 2002-2003
0%
172 Željko Cicović GK 10 0 (0) 2000-2002
0%
164 Zoran Jovičić FW 11 0 (0) 2004-2005
0%
83 Zoran Njeguš DF, MF 57 1 (1) 2001-2004
0%
No matching quizzes found
Score Distribution
Percent of People with Each Score
Percentile by Number Answered
Your Score History
You have not taken this quiz